| 000 | 00367 a2200157 4500 | ||
|---|---|---|---|
| 999 |
_c12940 _d12940 |
||
| 003 | OSt | ||
| 005 | 20240807131614.0 | ||
| 008 | 240807b ||||| |||| 00| 0 eng d | ||
| 020 | _a9781856695336 | ||
| 082 | _a[20.284 | ||
| 100 | _a Alan Pipes | ||
| 245 | _aDrawing for Designers | ||
| 260 |
_b Laurence King Publishing _c2007 |
||
| 300 | _a224p; | ||
| 942 | _2ddc | ||